000 00294nam a22001337a 4500
008 180921b xxu||||| |||| 00| 0 eng d
020 _a9780385194266
041 _aeng
080 _a004
100 _a28
101 _aSHKI
245 _aTouch Typing Made Simple
_cMarks,L.S
942 _2udc
_cBK
999 _c48214
_d48214